| 000 | 00709 a2200217 4500 | ||
|---|---|---|---|
| 003 | UA-OsUOA | ||
| 005 | 20260508152415.0 | ||
| 008 | 260508b un ||||| |||| 00| 0 ukr d | ||
| 020 | _a334011132 | ||
| 040 |
_aUA-OsUOA _beng _cUA-OsUOA _dUA-OsUOA |
||
| 041 | _aeng | ||
| 080 | _a82-96 | ||
| 090 |
_a82-96 _bN52 |
||
| 245 |
_aNew Essays in Philosophical Theology _cedited by Antony Flew & Alasdair Maclntyre |
||
| 260 |
_bSCM Press Ltd _c1961 _aLondon |
||
| 300 | _a274 p. | ||
| 650 |
_2UDC _a82 Література. Літературознавство _915 |
||
| 942 |
_cBK _2udc |
||
| 955 | _a3 | ||
| 999 |
_c580681 _d580681 |
||